| 000 -CABECERA |
| campo de control de longitud fija |
01052nam a2200265 u 4500 |
| 001 - NÚMERO DE CONTROL |
| campo de control |
000041971 |
| 005 - FECHA Y HORA DE LA ÚLTIMA TRANSACCIÓN |
| campo de control |
20200120222403.0 |
| 008 - DATOS DE LONGITUD FIJA--INFORMACIÓN GENERAL |
| campo de control de longitud fija |
101110s2009 cau r 000 0 spa d |
| 020 ## - NÚMERO INTERNACIONAL ESTÁNDAR DEL LIBRO |
| Número Internacional Estándar del Libro |
9789588250670 |
| 043 ## - CÓDIGO DE ÁREA GEOGRÁFICA |
| Código de área geográfica |
s-ck--- |
| 082 04 - NÚMERO DE LA CLASIFICACIÓN DECIMAL DEWEY |
| Número de clasificación |
788.2861 |
| Número de documento/Ítem |
D86 |
| Número de edición |
21 |
| 100 1# - ENTRADA PRINCIPAL--NOMBRE DE PERSONA |
| Nombre de persona |
Duque, Alexander |
| 245 10 - MENCIÓN DE TÍTULO |
| Título |
¡Que te pasa vo! canto de piel, semilla y chonta : |
| Resto del título |
Músicas del Pacifico Sur cartilla de iniciación músical / |
| Mención de responsabilidad, etc. |
Alexander Duque, Héctos Francisco Sánchez, Héctor Javier Tascón; Ministerio de Cultura. |
| 250 ## - MENCIÓN DE EDICIÓN |
| Mención de edición |
1a. ed. |
| 260 ## - PUBLICACIÓN, DISTRIBUCIÓN, ETC. |
| Lugar de publicación, distribución, etc. |
Bogotá : |
| Nombre del editor, distribuidor, etc. |
El Ministerio, |
| Fecha de publicación, distribución, etc. |
2009. |
| 300 ## - DESCRIPCIÓN FÍSICA |
| Extensión |
49 p. : |
| Otras características físicas |
il. |
| Material acompañante/anejo |
1 CD-ROM |
| 500 ## - NOTA GENERAL |
| Nota general |
Ej.1 más CD-ROM Biblioteca Funza. Donados por el Ministerio de Cultura |
| 500 ## - NOTA GENERAL |
| Nota general |
Plan Nacional de Música para la Convivencia : Dirección de Artes-Area de música |
| 650 17 - PUNTO DE ACCESO ADICIONAL DE MATERIA--TÉRMINO DE MATERIA |
| Término de materia o nombre geográfico como elemento de entrada |
Instrumentos musicales |
| Subdivisión de forma |
Enseñanza |
| 650 27 - PUNTO DE ACCESO ADICIONAL DE MATERIA--TÉRMINO DE MATERIA |
| Término de materia o nombre geográfico como elemento de entrada |
Instrumentos de viento |
| 650 27 - PUNTO DE ACCESO ADICIONAL DE MATERIA--TÉRMINO DE MATERIA |
| Término de materia o nombre geográfico como elemento de entrada |
Interpretación musical |
| 700 1# - PUNTO DE ACCESO ADICIONAL--NOMBRE DE PERSONA |
| Nombre de persona |
Sánchez, Héctor Francisco |
| 700 1# - PUNTO DE ACCESO ADICIONAL--NOMBRE DE PERSONA |
| Nombre de persona |
Tascón, Héctor Javier |
| 710 2# - PUNTO DE ACCESO ADICIONAL--NOMBRE DE ENTIDAD CORPORATIVA |
| Nombre de entidad corporativa o nombre de jurisdicción como elemento de entrada |
Ministerio de Cultura |
| 952 ## - LOCALIZACIÓN E INFORMACIÓN DEL ÍTEM/UNIDAD FÍSICA (KOHA) |
| -- |
Perdido |